| 000 | 00000cas 2200000zi 4500 |
| 001 | 9.932297 |
| 003 | CaOODSP |
| 005 | 20260303103840 |
| 006 | m o d f |
| 007 | cr cn |||||||| |
| 008 | 240110c20169999quctr p o f0### 0eng|d |
| 040 | |aCaOODSP|beng|erda|cCaOODSP |
| 043 | |an-cn--- |
| 086 | 1 |aNM22-1E-PDF |
| 110 | 2 |aCanadian Museum of History.|eauthor, |eissuing body. |
| 245 | 10|aQuarterly financial statements for the ... month period ended ..., unaudited. |
| 264 | 1|a[Gatineau, Québec] : |bCanadian Museum of History = Musée canadien de l'histoire ; |a[Ottawa, Ontario] : |bCanadian War Museum = MuseĢe canadien de la guerre, |c[2016]- |
| 310 | |aThree times a year |
| 336 | |atext|btxt|2rdacontent |
| 337 | |acomputer|bc|2rdamedia |
| 338 | |aonline resource|bcr|2rdacarrier |
| 362 | 1 |aBegan with: June 30, 2016. |
| 500 | |aIssued also in French under title: États financiers trimestriels pour la période de ... mois terminée le ..., non audités. |
| 588 | |aDescription based on: June 30, 2016; title from PDF cover page. |
| 588 | |aLatest issue consulted: September 30, 2023. |
| 610 | 20|aCanadian Museum of History|xFinance|vPeriodicals. |
| 610 | 20|aCanadian War Museum|xFinance|vPeriodicals. |
| 650 | 0|aFinancial statements, Unaudited|zCanada|vPeriodicals. |
| 650 | 0|aFinance, Public|zCanada|vPeriodicals. |
| 655 | 7|aPeriodicals|2lcgft |
| 710 | 2 |aCanadian War Museum, |eauthor, |eissuing body. |
| 775 | 08|tÉtats financiers trimestriels pour la période de ... mois terminée le ..., non audités.|w(CaOODSP)9.932296 |
| 780 | 00|tQuarterly financial report for the ... month period ended ..., unaudited.|w(CaOODSP)9.932287 |